Catálogo
 En Linea

Historia de la pintura en Italia / (Registro nro. 19640)

Detalles MARC
000 -CABECERA
campo de control de longitud fija 00728nam a2200241 a 4500
001 - NÚMERO DE CONTROL
campo de control 000020132
005 - FECHA Y HORA DE LA ÚLTIMA TRANSACCIÓN
campo de control 20200929170259.0
008 - DATOS DE LONGITUD FIJA--INFORMACIÓN GENERAL
campo de control de longitud fija 100719s1948 sp r 001 e spa d
082 ## - NÚMERO DE LA CLASIFICACIÓN DECIMAL DEWEY
Número de clasificación 862.4
Número de documento/Ítem S825h, 1948
049 ## - FONDOS LOCALES (OCLC)
Fondos de biblioteca BNGR
040 ## - FUENTE DE LA CATALOGACIÓN
Centro catalogador/agencia de origen DO-SdBNP
100 1# - ENTRADA PRINCIPAL--NOMBRE DE PERSONA
Nombre de persona Stendhal
Fechas asociadas al nombre 1783-1842
9 (RLIN) 16823
245 10 - MENCIÓN DE TÍTULO
Título Historia de la pintura en Italia /
Mención de responsabilidad, etc. Stendhal.
250 ## - MENCIÓN DE EDICIÓN
Mención de edición 2a ed.
260 ## - PUBLICACIÓN, DISTRIBUCIÓN, ETC.
Lugar de publicación, distribución, etc. Madrid :
Nombre del editor, distribuidor, etc. Espasa-Calpe,
Fecha de publicación, distribución, etc. 1948.
300 ## - DESCRIPCIÓN FÍSICA
Extensión 164 p. ;
Dimensiones 18 cm.
490 1# - MENCIÓN DE SERIE
Mención de serie Verde : ensayos y filosofía
Designación de volumen o secuencia 815
500 ## - NOTA GENERAL
Nota general Incluye índice de autores
650 #4 - PUNTO DE ACCESO ADICIONAL DE MATERIA--TÉRMINO DE MATERIA
Término de materia o nombre geográfico como elemento de entrada Teatro español
9 (RLIN) 3071
650 #4 - PUNTO DE ACCESO ADICIONAL DE MATERIA--TÉRMINO DE MATERIA
Término de materia o nombre geográfico como elemento de entrada Comedia española
9 (RLIN) 3085
650 #4 - PUNTO DE ACCESO ADICIONAL DE MATERIA--TÉRMINO DE MATERIA
Término de materia o nombre geográfico como elemento de entrada Literatura española
9 (RLIN) 632
830 #0 - PUNTO DE ACCESO ADICIONAL DE SERIE-TÍTULO UNIFORME
Título uniforme Austral.
Nombre de parte o sección de la obra Verde : ensayos y filosofía;
Designación de volumen o secuencia 815
9 (RLIN) 8733
Existencias
Estado de retiro Estado de pérdida Restricciones de uso No para préstamo Código de colección Localización permanente Ubicación/localización actual Ubicación en estantería Fecha de adquisición Número de inventario Total de préstamos Signatura topográfica completa Código de barras Fecha visto por última vez Precio válido a partir de Tipo de ítem Koha
      Excluido de préstamo Monografías: Libros y Folletos General General En catalogación 22.07.2010 LF1   862.4 S825h, 1948 20132-10 25.06.2020 25.06.2020 No se presta

Con tecnología Koha